[Event "Estonian Chess Championship 2025"]
[Site "Tallinn, EE"]
[Date "2025.12.18"]
[Round "4.2"]
[White "Kanep, Meelis"]
[Black "Chukavin, Kirill"]
[Result "1/2-1/2"]
[Board "1"]
[TimeControl "5400+30"]
[WhiteFideId "4501047"]
[BlackFideId "4503023"]
[WhiteTitle "GM"]
[BlackTitle "FM"]
[WhiteElo "2378"]
[BlackElo "2358"]
[WhiteTeam "EST"]
[BlackTeam "EST"]
[WhiteClock "0:59:48"]
[BlackClock "1:27:31"]
[Variant "Standard"]

1. d4 {

[%clk 1:30:41]

}  Nf6 {

[%clk 1:29:22]

} 2. c4 {

[%clk 1:25:39]

}  e6 {

[%clk 1:29:44]

} 3. Nf3 {

[%clk 1:25:42]

}  d5 {

[%clk 1:30:06]

} 4. Nc3 {

[%clk 1:25:52]

}  c5 {

[%clk 1:30:14]

} 5. cxd5 {

[%clk 1:25:39]

}  cxd4 {

[%clk 1:30:33]

} 6. Qxd4 {

[%clk 1:23:11]

}  exd5 {

[%clk 1:30:55]

} 7. e4 {

[%clk 1:21:55]

}  dxe4 {

[%clk 1:31:14]

} 8. Qxd8+ {

[%clk 1:21:42]

}  Kxd8 {

[%clk 1:31:36]

} 9. Ng5 {

[%clk 1:20:51]

}  Be6 {

[%clk 1:31:59]

} 10. Nxe6+ {

[%clk 1:20:02]

}  fxe6 {

[%clk 1:32:23]

} 11. Bc4 {

[%clk 1:13:13]

}  Ke7 {

[%clk 1:32:30]

} 12. O-O {

[%clk 1:11:29]

}  Kf7 {

[%clk 1:27:31]

} 13. Bg5 {

[%clk 0:59:48]

} 1/2-1/2

[Event "Estonian Chess Championship 2025"]
[Site "Tallinn, EE"]
[Date "2025.12.17"]
[Round "4.1"]
[White "Rychagov, Nikita"]
[Black "Sirosh, Ilja"]
[Result "0-1"]
[Board "2"]
[TimeControl "5400+30"]
[WhiteFideId "4508394"]
[BlackFideId "4500458"]
[WhiteTitle "CM"]
[BlackTitle "IM"]
[WhiteElo "2222"]
[BlackElo "2391"]
[WhiteTeam "EST"]
[BlackTeam "EST"]
[WhiteClock "0:09:58"]
[BlackClock "0:47:30"]
[Variant "Standard"]

1. e4 {

[%clk 1:29:53]

}  c6 {

[%clk 1:30:53]

} 2. d4 {

[%clk 1:30:19]

}  d5 {

[%clk 1:31:18]

} 3. e5 {

[%clk 1:30:45]

}  Bf5 {

[%clk 1:31:42]

} 4. Nf3 {

[%clk 1:31:11]

}  e6 {

[%clk 1:32:04]

} 5. Be2 {

[%clk 1:31:36]

}  c5 {

[%clk 1:32:27]

} 6. Be3 {

[%clk 1:30:16]

}  cxd4 {

[%clk 1:32:43]

} 7. Nxd4 {

[%clk 1:30:39]

}  Ne7 {

[%clk 1:33:08]

} 8. O-O {

[%clk 1:30:05]

}  Nbc6 {

[%clk 1:33:06]

} 9. Bb5 {

[%clk 1:29:10]

}  a6 {

[%clk 1:33:19]

} 10. Bxc6+ {

[%clk 1:29:33]

}  bxc6 {

[%clk 1:33:13]

} 11. c4 {

[%clk 1:27:52]

}  Qd7 {

[%clk 1:32:48]

} 12. Nc3 {

[%clk 1:27:09]

}  dxc4 {

[%clk 1:32:54]

} 13. Na4 {

[%clk 1:21:50]

}  Nd5 {

[%clk 1:32:41]

} 14. Nxf5 {

[%clk 1:21:45]

}  exf5 {

[%clk 1:33:04]

} 15. Rc1 {

[%clk 1:14:20]

}  c3 {

[%clk 1:32:25]

} 16. bxc3 {

[%clk 1:05:45]

}  Nxe3 {

[%clk 1:26:39]

} 17. fxe3 {

[%clk 1:00:54]

}  Qe6 {

[%clk 1:16:59]

} 18. Qf3 {

[%clk 0:57:16]

}  g6 {

[%clk 1:09:28]

} 19. Rfd1 {

[%clk 0:48:15]

}  Be7 {

[%clk 1:08:18]

} 20. Rd6 {

[%clk 0:31:28]

}  Bxd6 {

[%clk 1:02:40]

} 21. Qxc6+ {

[%clk 0:31:54]

}  Kf8 {

[%clk 1:03:00]

} 22. Qxa8+ {

[%clk 0:28:27]

}  Kg7 {

[%clk 1:03:21]

} 23. Qa7 {

[%clk 0:28:00]

}  Bxe5 {

[%clk 1:02:55]

} 24. Rd1 {

[%clk 0:22:17]

}  Rc8 {

[%clk 0:52:27]

} 25. Nc5 {

[%clk 0:13:27]

}  Qxa2 {

[%clk 0:48:51]

} 26. Qxa6 {

[%clk 0:12:44]

}  Qxa6 {

[%clk 0:48:07]

} 27. Nxa6 {

[%clk 0:13:11]

}  Rxc3 {

[%clk 0:48:27]

} 28. Kf2 {

[%clk 0:10:27]

}  Bxh2 {

[%clk 0:46:22]

} 29. g3 {

[%clk 0:10:51]

}  Rc2+ {

[%clk 0:46:44]

} 30. Kf3 {

[%clk 0:11:15]

}  g5 {

[%clk 0:47:02]

} 31. Rf1 {

[%clk 0:09:31]

}  g4+ {

[%clk 0:47:12]

} 32. Kf4 {

[%clk 0:09:58]

}  Kf6 {

[%clk 0:47:30]

} 0-1

[Event "Estonian Chess Championship 2025"]
[Site "Tallinn, EE"]
[Date "2025.12.18"]
[Round "4.2"]
[White "Sirosh, Ilja"]
[Black "Rychagov, Nikita"]
[Result "1/2-1/2"]
[Board "2"]
[TimeControl "5400+30"]
[WhiteFideId "4500458"]
[BlackFideId "4508394"]
[WhiteTitle "IM"]
[BlackTitle "CM"]
[WhiteElo "2391"]
[BlackElo "2222"]
[WhiteTeam "EST"]
[BlackTeam "EST"]
[WhiteClock "1:00:14"]
[BlackClock "0:45:20"]
[Variant "Standard"]

1. e4 {

[%clk 1:30:57]

}  e5 {

[%clk 1:30:55]

} 2. Nf3 {

[%clk 1:31:21]

}  Nc6 {

[%clk 1:31:21]

} 3. Nc3 {

[%clk 1:31:44]

}  Nf6 {

[%clk 1:31:45]

} 4. d4 {

[%clk 1:32:09]

}  exd4 {

[%clk 1:32:07]

} 5. Nxd4 {

[%clk 1:32:33]

}  Bb4 {

[%clk 1:32:31]

} 6. Nxc6 {

[%clk 1:32:57]

}  bxc6 {

[%clk 1:32:56]

} 7. Bd3 {

[%clk 1:33:21]

}  d5 {

[%clk 1:33:17]

} 8. Bd2 {

[%clk 1:33:43]

}  O-O {

[%clk 1:33:06]

} 9. O-O {

[%clk 1:34:07]

}  Rb8 {

[%clk 1:33:14]

} 10. Re1 {

[%clk 1:34:14]

}  Re8 {

[%clk 1:33:37]

} 11. exd5 {

[%clk 1:34:14]

}  Rxe1+ {

[%clk 1:33:30]

} 12. Qxe1 {

[%clk 1:34:37]

}  cxd5 {

[%clk 1:33:44]

} 13. a3 {

[%clk 1:34:47]

}  Be7 {

[%clk 1:33:42]

} 14. b4 {

[%clk 1:34:35]

}  c5 {

[%clk 1:30:30]

} 15. bxc5 {

[%clk 1:34:43]

}  Bxc5 {

[%clk 1:30:42]

} 16. Be3 {

[%clk 1:33:38]

}  d4 {

[%clk 1:16:58]

} 17. Bf4 {

[%clk 1:33:39]

}  Rb6 {

[%clk 1:16:15]

} 18. Ne4 {

[%clk 1:33:46]

}  Nxe4 {

[%clk 1:12:55]

} 19. Qxe4 {

[%clk 1:33:11]

}  g6 {

[%clk 1:12:51]

} 20. Qe5 {

[%clk 1:16:20]

}  Bf8 {

[%clk 1:05:59]

} 21. Qc7 {

[%clk 1:14:51]

}  Qxc7 {

[%clk 1:06:11]

} 22. Bxc7 {

[%clk 1:15:15]

}  Re6 {

[%clk 1:01:06]

} 23. Kf1 {

[%clk 1:12:46]

}  Ba6 {

[%clk 0:56:04]

} 24. Bb8 {

[%clk 1:11:01]

}  Bxd3+ {

[%clk 0:55:28]

} 25. cxd3 {

[%clk 1:11:26]

}  Ra6 {

[%clk 0:55:50]

} 26. a4 {

[%clk 1:11:22]

}  Bb4 {

[%clk 0:55:35]

} 27. Rb1 {

[%clk 1:04:54]

}  Bc3 {

[%clk 0:53:20]

} 28. Rb7 {

[%clk 1:04:31]

}  Re6 {

[%clk 0:52:19]

} 29. g4 {

[%clk 1:03:26]

}  a5 {

[%clk 0:51:00]

} 30. Rd7 {

[%clk 1:02:12]

}  f5 {

[%clk 0:46:21]

} 31. gxf5 {

[%clk 0:59:38]

}  gxf5 {

[%clk 0:46:48]

} 32. Ba7 {

[%clk 0:59:24]

}  Re1+ {

[%clk 0:45:08]

} 33. Kg2 {

[%clk 0:59:47]

}  Rd1 {

[%clk 0:45:22]

} 34. Bxd4 {

[%clk 1:00:04]

}  Rxd3 {

[%clk 0:45:49]

} 35. Rg7+ {

[%clk 1:00:14]

}  Kh8 {

[%clk 0:45:20]

} 1/2-1/2

[Event "Estonian Women's Chess Championship 2025"]
[Site "Tallinn, EE"]
[Date "2025.12.11"]
[Round "1.1"]
[White "Reren, Alexis Miriam"]
[Black "Olde, Margareth"]
[Result "0-1"]
[Board "1"]
[TimeControl "5400+30"]
[WhiteFideId "4521765"]
[BlackFideId "4503082"]
[BlackTitle "WIM"]
[WhiteElo "1620"]
[BlackElo "2214"]
[WhiteTeam "EST"]
[BlackTeam "EST"]
[WhiteClock "0:15:22"]
[BlackClock "0:13:09"]
[Variant "Standard"]

1. d4 {

[%clk 1:30:50]

}  d5 {

[%clk 1:30:38]

} 2. c4 {

[%clk 1:31:08]

}  e6 {

[%clk 1:31:02]

} 3. Nc3 {

[%clk 1:31:22]

}  Nf6 {

[%clk 1:30:44]

} 4. e3 {

[%clk 1:29:40]

}  a6 {

[%clk 1:30:44]

} 5. Bd3 {

[%clk 1:26:02]

}  dxc4 {

[%clk 1:28:24]

} 6. Bxc4 {

[%clk 1:26:17]

}  c5 {

[%clk 1:28:19]

} 7. Nge2 {

[%clk 1:24:57]

}  b5 {

[%clk 1:24:58]

} 8. Bd3 {

[%clk 1:22:08]

}  Nc6 {

[%clk 1:22:25]

} 9. O-O {

[%clk 1:17:14]

}  cxd4 {

[%clk 1:20:55]

} 10. exd4 {

[%clk 1:13:27]

}  Bb7 {

[%clk 1:20:20]

} 11. Bg5 {

[%clk 1:10:33]

}  Be7 {

[%clk 1:19:30]

} 12. a3 {

[%clk 1:08:39]

}  h6 {

[%clk 1:17:13]

} 13. Bh4 {

[%clk 1:05:21]

}  Rc8 {

[%clk 1:14:06]

} 14. Rc1 {

[%clk 1:03:46]

}  O-O {

[%clk 1:12:51]

} 15. Bc2 {

[%clk 1:01:39]

}  b4 {

[%clk 1:04:08]

} 16. axb4 {

[%clk 1:00:07]

}  Nxb4 {

[%clk 1:03:44]

} 17. Bb1 {

[%clk 0:58:49]

}  Qa5 {

[%clk 0:55:56]

} 18. Qb3 {

[%clk 0:50:44]

}  Bc6 {

[%clk 0:51:02]

} 19. h3 {

[%clk 0:47:37]

}  Rb8 {

[%clk 0:47:10]

} 20. Qd1 {

[%clk 0:46:12]

}  Rfd8 {

[%clk 0:46:11]

} 21. Qd2 {

[%clk 0:43:16]

}  Rb7 {

[%clk 0:42:20]

} 22. Rfd1 {

[%clk 0:39:50]

}  Qb6 {

[%clk 0:37:26]

} 23. Bg3 {

[%clk 0:33:25]

}  Rbd7 {

[%clk 0:35:47]

} 24. Be5 {

[%clk 0:28:52]

}  Ne8 {

[%clk 0:28:38]

} 25. Qe3 {

[%clk 0:24:31]

}  Bf6 {

[%clk 0:25:15]

} 26. Qg3 {

[%clk 0:18:50]

}  Qb7 {

[%clk 0:21:58]

} 27. Nf4 {

[%clk 0:14:18]

}  Kf8 {

[%clk 0:12:00]

} 28. Re1 {

[%clk 0:08:43]

}  Bxe5 {

[%clk 0:10:30]

} 29. dxe5 {

[%clk 0:04:13]

}  g5 {

[%clk 0:09:04]

} 30. Nh5 {

[%clk 0:03:39]

}  Nd3 {

[%clk 0:08:50]

} 31. Bxd3 {

[%clk 0:03:45]

}  Rxd3 {

[%clk 0:09:16]

} 32. Qg4 {

[%clk 0:03:27]

}  R8d4 {

[%clk 0:06:06]

} 33. Qe2 {

[%clk 0:03:13]

}  Bxg2 {

[%clk 0:05:35]

} 34. Ng3 {

[%clk 0:02:27]

}  Bf3 {

[%clk 0:02:20]

} 35. Qc2 {

[%clk 0:02:09]

}  Kg7 {

[%clk 0:01:23]

} 36. Nce2 {

[%clk 0:01:43]

}  Rd8 {

[%clk 0:01:02]

} 37. Rcd1 {

[%clk 0:00:53]

}  Rxd1 {

[%clk 0:00:55]

} 38. Rxd1 {

[%clk 0:01:16]

}  Rxd1+ {

[%clk 0:01:10]

} 39. Qxd1 {

[%clk 0:01:39]

}  Qxb2 {

[%clk 0:01:04]

} 40. Qd3 {

[%clk 0:16:32]

}  Qa1+ {

[%clk 0:15:33]

} 41. Kh2 {

[%clk 0:16:39]

}  Bd5 {

[%clk 0:13:30]

} 42. Nc3 {

[%clk 0:15:49]

}  Qe1 {

[%clk 0:12:02]

} 43. Qc2 {

[%clk 0:15:03]

}  Qxe5 {

[%clk 0:11:55]

} 44. Nxd5 {

[%clk 0:15:03]

}  exd5 {

[%clk 0:12:07]

} 45. Qa4 {

[%clk 0:15:01]

}  Nf6 {

[%clk 0:12:00]

} 46. Qxa6 {

[%clk 0:14:48]

}  Ne4 {

[%clk 0:12:19]

} 47. Qe2 {

[%clk 0:14:56]

}  Qf4 {

[%clk 0:11:30]

} 48. Kg2 {

[%clk 0:15:05]

}  Nxg3 {

[%clk 0:11:53]

} 49. Qb2+ {

[%clk 0:14:41]

}  Qf6 {

[%clk 0:12:18]

} 50. Qxf6+ {

[%clk 0:14:58]

}  Kxf6 {

[%clk 0:12:44]

} 51. Kxg3 {

[%clk 0:15:22]

}  Ke5 {

[%clk 0:13:09]

} 0-1

[Event "Estonian Women's Chess Championship 2025"]
[Site "Tallinn, EE"]
[Date "2025.12.12"]
[Round "1.2"]
[White "Olde, Margareth"]
[Black "Reren, Alexis Miriam"]
[Result "1-0"]
[Board "1"]
[TimeControl "5400+30"]
[WhiteFideId "4503082"]
[BlackFideId "4521765"]
[WhiteTitle "WIM"]
[WhiteElo "2214"]
[BlackElo "1620"]
[WhiteTeam "EST"]
[BlackTeam "EST"]
[WhiteClock "1:16:57"]
[BlackClock "0:57:10"]
[Variant "Standard"]

1. Nf3 {

[%clk 1:30:44]

}  d5 {

[%clk 1:29:56]

} 2. e3 {

[%clk 1:29:49]

}  e6 {

[%clk 1:28:51]

} 3. b3 {

[%clk 1:29:55]

}  Nf6 {

[%clk 1:28:06]

} 4. Bb2 {

[%clk 1:30:09]

}  Be7 {

[%clk 1:27:39]

} 5. d4 {

[%clk 1:29:00]

}  O-O {

[%clk 1:26:36]

} 6. Bd3 {

[%clk 1:29:20]

}  b6 {

[%clk 1:26:29]

} 7. Ne5 {

[%clk 1:28:55]

}  Bb7 {

[%clk 1:25:34]

} 8. O-O {

[%clk 1:28:43]

}  Nbd7 {

[%clk 1:23:10]

} 9. f4 {

[%clk 1:27:53]

}  c5 {

[%clk 1:21:40]

} 10. Nd2 {

[%clk 1:27:15]

}  a6 {

[%clk 1:19:29]

} 11. Qf3 {

[%clk 1:26:17]

}  Rc8 {

[%clk 1:17:03]

} 12. g4 {

[%clk 1:21:16]

}  b5 {

[%clk 1:12:53]

} 13. g5 {

[%clk 1:18:23]

}  Nxe5 {

[%clk 1:08:03]

} 14. dxe5 {

[%clk 1:17:37]

}  Nd7 {

[%clk 1:07:08]

} 15. Bxh7+ {

[%clk 1:16:16]

}  Kxh7 {

[%clk 1:02:30]

} 16. Qh5+ {

[%clk 1:16:39]

}  Kg8 {

[%clk 1:02:51]

} 17. Rf3 {

[%clk 1:16:35]

}  f6 {

[%clk 0:56:47]

} 18. g6 {

[%clk 1:16:33]

}  fxe5 {

[%clk 0:57:10]

} 19. Qh7# {

[%clk 1:16:57]

} 1-0

[Event "Estonian Women's Chess Championship 2025"]
[Site "Tallinn, EE"]
[Date "2025.12.11"]
[Round "1.1"]
[White "Blokhin, Sofia"]
[Black "Shadrina, Eva"]
[Result "1-0"]
[Board "2"]
[TimeControl "5400+30"]
[WhiteFideId "4508190"]
[BlackFideId "4510623"]
[WhiteTitle "WFM"]
[BlackTitle "WCM"]
[WhiteElo "2095"]
[BlackElo "1919"]
[WhiteTeam "EST"]
[BlackTeam "EST"]
[WhiteClock "0:16:47"]
[BlackClock "0:00:47"]
[Variant "Standard"]

1. d4 {

[%clk 1:30:58]

}  d5 {

[%clk 1:30:44]

} 2. c4 {

[%clk 1:31:23]

}  e6 {

[%clk 1:30:58]

} 3. Nc3 {

[%clk 1:31:47]

}  Nf6 {

[%clk 1:28:17]

} 4. e3 {

[%clk 1:32:06]

}  Be7 {

[%clk 1:19:18]

} 5. cxd5 {

[%clk 1:32:28]

}  exd5 {

[%clk 1:19:38]

} 6. Bd3 {

[%clk 1:32:52]

}  O-O {

[%clk 1:11:45]

} 7. Nge2 {

[%clk 1:32:58]

}  b6 {

[%clk 0:59:24]

} 8. O-O {

[%clk 1:31:36]

}  c5 {

[%clk 0:56:07]

} 9. dxc5 {

[%clk 1:17:03]

}  bxc5 {

[%clk 0:56:02]

} 10. e4 {

[%clk 1:06:25]

}  d4 {

[%clk 0:20:26]

} 11. Nb5 {

[%clk 1:04:27]

}  a6 {

[%clk 0:19:10]

} 12. Na3 {

[%clk 1:04:26]

}  Bb7 {

[%clk 0:18:19]

} 13. f3 {

[%clk 1:03:38]

}  Nc6 {

[%clk 0:18:01]

} 14. Ng3 {

[%clk 0:57:42]

}  Ne5 {

[%clk 0:13:54]

} 15. Bb1 {

[%clk 0:51:39]

}  d3 {

[%clk 0:07:57]

} 16. Nf5 {

[%clk 0:46:52]

}  c4 {

[%clk 0:06:05]

} 17. Nxe7+ {

[%clk 0:31:53]

}  Qxe7 {

[%clk 0:06:29]

} 18. Bd2 {

[%clk 0:32:02]

}  Rac8 {

[%clk 0:04:53]

} 19. Bc3 {

[%clk 0:31:10]

}  Qc5+ {

[%clk 0:04:07]

} 20. Kh1 {

[%clk 0:31:32]

}  Rc6 {

[%clk 0:01:39]

} 21. Qd2 {

[%clk 0:31:12]

}  Re8 {

[%clk 0:01:09]

} 22. Rc1 {

[%clk 0:30:43]

}  Nh5 {

[%clk 0:00:44]

} 23. Bxe5 {

[%clk 0:21:37]

}  Rxe5 {

[%clk 0:00:55]

} 24. g4 {

[%clk 0:21:07]

}  Nf6 {

[%clk 0:00:34]

} 25. Bxd3 {

[%clk 0:18:57]

}  Qa7 {

[%clk 0:00:33]

} 26. Nxc4 {

[%clk 0:18:59]

}  Rec5 {

[%clk 0:00:36]

} 27. b4 {

[%clk 0:18:44]

}  Nxg4 {

[%clk 0:00:34]

} 28. bxc5 {

[%clk 0:18:14]

}  Qxc5 {

[%clk 0:00:35]

} 29. fxg4 {

[%clk 0:18:10]

}  Rf6 {

[%clk 0:00:38]

} 30. Na5 {

[%clk 0:17:28]

}  Qa7 {

[%clk 0:00:33]

} 31. Nxb7 {

[%clk 0:17:02]

}  Qxb7 {

[%clk 0:00:47]

} 32. Qc2 {

[%clk 0:16:47]

} 1-0

[Event "Estonian Women's Chess Championship 2025"]
[Site "Tallinn, EE"]
[Date "2025.12.12"]
[Round "1.2"]
[White "Shadrina, Eva"]
[Black "Blokhin, Sofia"]
[Result "0-1"]
[Board "2"]
[TimeControl "5400+30"]
[WhiteFideId "4510623"]
[BlackFideId "4508190"]
[WhiteTitle "WCM"]
[BlackTitle "WFM"]
[WhiteElo "1919"]
[BlackElo "2095"]
[WhiteTeam "EST"]
[BlackTeam "EST"]
[WhiteClock "0:15:09"]
[BlackClock "0:22:22"]
[Variant "Standard"]

1. e4 {

[%clk 1:30:56]

}  c5 {

[%clk 1:30:55]

} 2. Nf3 {

[%clk 1:31:09]

}  d6 {

[%clk 1:31:16]

} 3. d4 {

[%clk 1:31:16]

}  cxd4 {

[%clk 1:31:40]

} 4. Nxd4 {

[%clk 1:31:37]

}  Nf6 {

[%clk 1:32:03]

} 5. Nc3 {

[%clk 1:30:47]

}  g6 {

[%clk 1:32:20]

} 6. Be3 {

[%clk 1:29:35]

}  Bg7 {

[%clk 1:32:40]

} 7. f3 {

[%clk 1:28:46]

}  O-O {

[%clk 1:32:47]

} 8. Qd2 {

[%clk 1:27:20]

}  Nc6 {

[%clk 1:33:07]

} 9. Bc4 {

[%clk 1:26:44]

}  Bd7 {

[%clk 1:32:43]

} 10. O-O-O {

[%clk 1:26:40]

}  Rb8 {

[%clk 1:30:21]

} 11. Bb3 {

[%clk 1:26:46]

}  Na5 {

[%clk 1:25:40]

} 12. h4 {

[%clk 1:24:33]

}  h5 {

[%clk 1:14:53]

} 13. Bh6 {

[%clk 0:58:37]

}  Nxb3+ {

[%clk 1:12:30]

} 14. Nxb3 {

[%clk 0:52:43]

}  a5 {

[%clk 1:06:05]

} 15. Nd4 {

[%clk 0:40:59]

}  Kh7 {

[%clk 0:56:59]

} 16. Bxg7 {

[%clk 0:34:09]

}  Kxg7 {

[%clk 0:57:22]

} 17. g4 {

[%clk 0:17:52]

}  Rh8 {

[%clk 0:51:52]

} 18. g5 {

[%clk 0:15:41]

}  Ne8 {

[%clk 0:48:32]

} 19. f4 {

[%clk 0:11:11]

}  b5 {

[%clk 0:40:46]

} 20. f5 {

[%clk 0:09:15]

}  Nc7 {

[%clk 0:34:09]

} 21. Rhf1 {

[%clk 0:05:26]

}  Rf8 {

[%clk 0:24:55]

} 22. f6+ {

[%clk 0:05:31]

}  Kg8 {

[%clk 0:22:23]

} 23. Nd5 {

[%clk 0:02:25]

}  Nxd5 {

[%clk 0:19:20]

} 24. exd5 {

[%clk 0:02:52]

}  Re8 {

[%clk 0:16:24]

} 25. fxe7 {

[%clk 0:02:07]

}  Rxe7 {

[%clk 0:15:56]

} 26. Nc6 {

[%clk 0:02:09]

}  Bxc6 {

[%clk 0:14:21]

} 27. dxc6 {

[%clk 0:02:36]

}  Re6 {

[%clk 0:14:21]

} 28. Qd5 {

[%clk 0:01:30]

}  Qe7 {

[%clk 0:10:42]

} 29. Rf6 {

[%clk 0:01:05]

}  Rxf6 {

[%clk 0:08:01]

} 30. gxf6 {

[%clk 0:01:25]

}  Qxf6 {

[%clk 0:08:15]

} 31. c7 {

[%clk 0:01:23]

}  Rc8 {

[%clk 0:08:27]

} 32. Qb7 {

[%clk 0:01:14]

}  Qf4+ {

[%clk 0:08:43]

} 33. Kb1 {

[%clk 0:01:38]

}  Qf5 {

[%clk 0:08:56]

} 34. Qc6 {

[%clk 0:01:02]

}  Qg4 {

[%clk 0:08:19]

} 35. Re1 {

[%clk 0:00:52]

}  Qc4 {

[%clk 0:06:29]

} 36. Re8+ {

[%clk 0:00:36]

}  Rxe8 {

[%clk 0:06:41]

} 37. Qxe8+ {

[%clk 0:00:56]

}  Kg7 {

[%clk 0:06:59]

} 38. Qe3 {

[%clk 0:00:37]

}  Qxc7 {

[%clk 0:06:58]

} 39. Qd4+ {

[%clk 0:00:58]

}  Kh7 {

[%clk 0:07:15]

} 40. Qf2 {

[%clk 0:15:47]

}  Qe7 {

[%clk 0:22:07]

} 41. b3 {

[%clk 0:16:00]

}  Kg7 {

[%clk 0:22:08]

} 42. Qd4+ {

[%clk 0:15:37]

}  Qe5 {

[%clk 0:22:09]

} 43. Qxe5+ {

[%clk 0:15:39]

}  dxe5 {

[%clk 0:22:34]

} 44. c4 {

[%clk 0:15:52]

}  bxc4 {

[%clk 0:22:24]

} 45. bxc4 {

[%clk 0:16:10]

}  g5 {

[%clk 0:22:02]

} 46. c5 {

[%clk 0:15:09]

}  Kf8 {

[%clk 0:22:22]

} 0-1

[Event "Estonian Women's Chess Championship 2025"]
[Site "Tallinn, EE"]
[Date "2025.12.11"]
[Round "1.1"]
[White "Narva, Regina"]
[Black "Tsiganova, Monika"]
[Result "1/2-1/2"]
[Board "3"]
[TimeControl "5400+30"]
[WhiteFideId "4500237"]
[BlackFideId "4500199"]
[WhiteTitle "WFM"]
[BlackTitle "WIM"]
[WhiteElo "1947"]
[BlackElo "2055"]
[WhiteTeam "EST"]
[BlackTeam "EST"]
[WhiteClock "0:11:20"]
[BlackClock "0:30:43"]
[Variant "Standard"]

1. e4 {

[%clk 1:30:41]

}  c6 {

[%clk 1:30:28]

} 2. d4 {

[%clk 1:29:11]

}  d5 {

[%clk 1:30:48]

} 3. Nc3 {

[%clk 1:28:49]

}  dxe4 {

[%clk 1:30:48]

} 4. Nxe4 {

[%clk 1:29:11]

}  Nd7 {

[%clk 1:30:08]

} 5. Nf3 {

[%clk 1:28:14]

}  Ngf6 {

[%clk 1:30:13]

} 6. Nxf6+ {

[%clk 1:25:48]

}  Nxf6 {

[%clk 1:30:32]

} 7. h3 {

[%clk 1:25:57]

}  e6 {

[%clk 1:27:05]

} 8. Bd3 {

[%clk 1:23:50]

}  Be7 {

[%clk 1:26:48]

} 9. c3 {

[%clk 1:21:20]

}  Qc7 {

[%clk 1:26:09]

} 10. O-O {

[%clk 1:17:36]

}  O-O {

[%clk 1:26:09]

} 11. Ne5 {

[%clk 1:11:20]

}  c5 {

[%clk 1:23:47]

} 12. Qf3 {

[%clk 0:55:48]

}  cxd4 {

[%clk 1:20:15]

} 13. cxd4 {

[%clk 0:56:12]

}  Rd8 {

[%clk 1:14:50]

} 14. Be3 {

[%clk 0:52:57]

}  Qa5 {

[%clk 1:07:40]

} 15. Rfc1 {

[%clk 0:38:51]

}  Qd5 {

[%clk 1:03:16]

} 16. Qe2 {

[%clk 0:32:56]

}  Bd6 {

[%clk 0:57:42]

} 17. Bc4 {

[%clk 0:24:57]

}  Qe4 {

[%clk 0:45:41]

} 18. Bd3 {

[%clk 0:22:13]

}  Qh4 {

[%clk 0:42:47]

} 19. Qf3 {

[%clk 0:19:02]

}  Bxe5 {

[%clk 0:34:48]

} 20. dxe5 {

[%clk 0:18:38]

}  Rxd3 {

[%clk 0:30:05]

} 21. exf6 {

[%clk 0:18:15]

}  Qxf6 {

[%clk 0:28:29]

} 22. Qxf6 {

[%clk 0:14:36]

}  gxf6 {

[%clk 0:28:38]

} 23. Rd1 {

[%clk 0:15:00]

}  Rxd1+ {

[%clk 0:28:29]

} 24. Rxd1 {

[%clk 0:15:26]

}  Kg7 {

[%clk 0:26:47]

} 25. Rd8 {

[%clk 0:15:47]

}  b6 {

[%clk 0:26:48]

} 26. f3 {

[%clk 0:12:39]

}  Bb7 {

[%clk 0:25:37]

} 27. Rxa8 {

[%clk 0:12:43]

}  Bxa8 {

[%clk 0:26:03]

} 28. a4 {

[%clk 0:13:00]

}  Bc6 {

[%clk 0:25:32]

} 29. a5 {

[%clk 0:13:21]

}  bxa5 {

[%clk 0:25:56]

} 30. Bxa7 {

[%clk 0:13:48]

}  a4 {

[%clk 0:25:26]

} 31. Bc5 {

[%clk 0:13:07]

}  e5 {

[%clk 0:25:23]

} 32. Bd6 {

[%clk 0:12:58]

}  Kg6 {

[%clk 0:25:30]

} 33. Kf2 {

[%clk 0:12:18]

}  Kf5 {

[%clk 0:24:26]

} 34. Ke3 {

[%clk 0:11:26]

}  Ke6 {

[%clk 0:24:31]

} 35. Bf8 {

[%clk 0:09:32]

}  h5 {

[%clk 0:24:51]

} 36. g3 {

[%clk 0:08:07]

}  f5 {

[%clk 0:24:23]

} 37. h4 {

[%clk 0:08:01]

}  Kd5 {

[%clk 0:21:04]

} 38. Bg7 {

[%clk 0:07:03]

}  Bb5 {

[%clk 0:21:21]

} 39. f4 {

[%clk 0:06:26]

}  e4 {

[%clk 0:21:34]

} 40. Be5 {

[%clk 0:21:00]

}  Bd3 {

[%clk 0:36:32]

} 41. Bf6 {

[%clk 0:21:13]

}  Kc4 {

[%clk 0:36:22]

} 42. Be5 {

[%clk 0:21:25]

}  Kb3 {

[%clk 0:36:13]

} 43. Bf6 {

[%clk 0:21:43]

}  Kc2 {

[%clk 0:36:30]

} 44. Be5 {

[%clk 0:21:45]

}  Kd1 {

[%clk 0:36:16]

} 45. Bc3 {

[%clk 0:17:44]

}  Be2 {

[%clk 0:35:35]

} 46. Kf2 {

[%clk 0:17:07]

}  Bf3 {

[%clk 0:35:31]

} 47. Ke3 {

[%clk 0:17:06]

}  Bg4 {

[%clk 0:35:49]

} 48. Kf2 {

[%clk 0:11:23]

}  Kc2 {

[%clk 0:36:10]

} 49. Bd4 {

[%clk 0:11:07]

}  Kd3 {

[%clk 0:36:21]

} 50. Bb6 {

[%clk 0:10:41]

}  Bd1 {

[%clk 0:36:25]

} 51. Ba7 {

[%clk 0:10:41]

}  Bb3 {

[%clk 0:36:24]

} 52. Bb6 {

[%clk 0:10:52]

}  Bd5 {

[%clk 0:35:32]

} 53. Ba7 {

[%clk 0:10:58]

}  Kc2 {

[%clk 0:30:02]

} 54. Bd4 {

[%clk 0:11:19]

}  Kd2 {

[%clk 0:30:10]

} 55. Be3+ {

[%clk 0:10:58]

}  Kd3 {

[%clk 0:30:19]

} 56. Bb6 {

[%clk 0:11:20]

}  Kc2 {

[%clk 0:30:43]

} 1/2-1/2